Analýza nástrojov CRM bakalárska práca

Na minha lista:
Detalhes bibliográficos
Autor principal: Šarmír, Matúš
Autor Corporativo: Fakulta hospodárskej informatiky EU. Katedra aplikovanej informatiky
Outros Autores: Jurík, Pavol, 1987-
Formato: Livro
Idioma:eslovaco
Publicado em: Bratislava 2016
Tags: Adicionar Tag
Sem tags, seja o primeiro a adicionar uma tag!

MARC

LEADER 00000nbm a2200000 4500
001 0219201
005 20170329105730.2
041 0 |a slo 
044 |a SK 
245 1 0 |a Analýza nástrojov CRM  |b bakalárska práca  |c Matúš Šarmír ; školiteľ: Pavol Jurík 
264 1 |a Bratislava  |c 2016 
300 |a 40 s. 
100 1 |a Šarmír, Matúš 
700 1 |a Jurík, Pavol, 1987- 
710 2 |a Fakulta hospodárskej informatiky EU. Katedra aplikovanej informatiky